Nalaganje...
Computational Physics
| Glavni avtor: | |
|---|---|
| Format: | Printed Book |
| Izdano: |
New Delhi
Discovery
2008
|
| Teme: |
| LEADER | 00463nam a22001457a 4500 | ||
|---|---|---|---|
| 020 | |a 9788183563932 | ||
| 082 | |a 530.0785 |b JHA/C | ||
| 100 | |a Jha, D. K. | ||
| 245 | |a Computational Physics | ||
| 260 | |a New Delhi |b Discovery |c 2008 | ||
| 300 | |a 305p | ||
| 650 | |a Mathematical physics |a Physics | ||
| 942 | |c BK | ||
| 999 | |c 33734 |d 33734 | ||
| 952 | |0 0 |1 0 |4 0 |6 530_078500000000000_JHAC |7 0 |8 Stack |9 35694 |a KUCL |b KUCL |c Stack |d 2015-07-21 |l 0 |o 530.0785 JHA/C |p 32650 |r 2015-07-21 |w 2015-07-21 |y BK | ||